The law of criminal and civil evidence : Principles and practice

Contents: Part 1: Introduction; part 2: criminal evidence; part 3: civil evidence

Sparad:
Bibliografiska uppgifter
Huvudupphovsman: Hannibal, Martin
Materialtyp: Bok
Språk:Undetermined
Publicerad: London Longman 2002
Ämnen:
Taggar: Lägg till en tagg
Inga taggar, Lägg till första taggen!
Thư viện lưu trữ: Trung tâm Học liệu Trường Đại học Cần Thơ
LEADER 00648nam a2200205Ia 4500
001 CTU_152946
008 210402s9999 xx 000 0 und d
082 |a 345 
082 |b H245 
100 |a Hannibal, Martin 
245 4 |a The law of criminal and civil evidence : 
245 0 |b Principles and practice 
245 0 |c Martin Hannibal, Lisa Mountford 
260 |a London 
260 |b Longman 
260 |c 2002 
520 |a Contents: Part 1: Introduction; part 2: criminal evidence; part 3: civil evidence 
650 |a Criminal law,Luật hình sự 
904 |i Tuyến 
980 |a Trung tâm Học liệu Trường Đại học Cần Thơ